00289nam a2200097Ia 45000010005000000080041000050820017000461000039000632450061001022600028001634201241024s9999 xx 000 0 und d aRD/245/D339m aRamón Benito De La Rosa y Carpio 0aMeditaciones de Navidad para leer, dar charlas o retiros bSusaeta Edicionesc2013